000 01003nam a2200277 i 4500
001 182176
003 ES-MaACL
005 20250911062856.0
008 130621s2011 sp | |||||||| | spa d
020 _a978-84-9895-076-2
080 _a821.134.2(729.1)-14"19"(082.2)
245 0 0 _aPoesía cubana :
_bantología esencial /
_c[edición de] Víctor Rodríguez Núñez ; [Fina García-Marruz ... et al.].
260 _aMadrid :
_bVisor Libros,
_cD.L. 2011.
300 _a463 p. ;
_c21 cm.
490 1 _aLa estafeta del viento ;
_vv. 11
490 1 _aColección Visor de poesía
650 4 _aPoesía cubana
_916151
655 7 _2tgfbne
_aPoesías
_9176539
700 1 _aRodríguez Núñez, Víctor,
_d1955-
_9152972
700 0 _aGarcía Marruz, Fina.
_954895
830 0 _aLa estafeta del viento ;
_vv. 11
_9185770
830 0 _aColección Visor de poesía
_9177331
852 _aES-MaACL
_jA-12758
_9189087
_bR.148619
_cDEPO1
_dOlim: N-5758
942 _2udc
_cMONOGRAFIA
999 _c182176
_d182176